Normal view
MARC view
- ARITIFICIAL INTELLIGENCE
Entry Topical Term
001 - CONTROL NUMBER
- control field: 56448
003 - CONTROL NUMBER IDENTIFIER
- control field: NUST
005 - DATE AND TIME OF LATEST TRANSACTION
- control field: 20210628201716.0
008 - FIXED-LENGTH DATA ELEMENTS
- fixed length control field: 210628|| aca||aabn | a|a d
040 ## - CATALOGING SOURCE
- Original cataloging agency: NUST
- Transcribing agency: NUST
150 ## - HEADING--TOPICAL TERM
- Topical term or geographic name entry element: ARITIFICIAL INTELLIGENCE
670 ## - SOURCE DATA FOUND
- Source citation: Work cat.: (NUST): Mcdermott, Drew Charniak, Eugene 56447, Introduction to aritificial intelligence, 2000
